01551 a2200289 45000010006000000050017000060080041000230030015000640400040000790800048001192450097001672640026002643000019002905050514003091000032008237000026008557000029008817000020009107000040009307000019009707000028009897000031010177000026010487000026010747000026011008560135011262622220260407155543.0260407a2013 arg spa dAR-UNSa-BCEJYS aAR-UNSa-BCEJYSbspacAR-UNSa-BCEJYS a343(094.7)xJurisprudencia de Derecho Penal10aFallos de la Corte de Justicia de SaltapDerecho Penal y Procesal Penal. Reseña temática 1aSalta :b[s.n.]c2013 a281 p.c21 cm. aI. DERECHO PENAL. PARTE GENERAL: 1. Garantías constitucionales - 2. Validez temporal de la ley penal - 3. Tentativa - 4. Participación criminal - 5. Concursos de delitos - 6. Pena - 7. Acción penal - 8. Suspensión de juicio a prueba - II. DERECHO PROCESAL PENAL: 9. Nulidades - 10. Instrucción formal - 11. Procedimiento sumario - 12. Restricciones a la libertad en el proceso - 13. Etapa de juicio - 14. Juicio de menores - 15. Juicio por delitos de acción privada - 16. Sentencia - 17. Recursos.1 aCatalano, Guillermo Alberto1 aSalta. Poder Judicial1 aMartini, Luciano Ignacio1 aVater, Fernando1 aHolmquist Moreira, Karina Alejandra1 aColl, Patricia1 aFlores, Carlos Hernán1 aCiociano, Mariano Hernán1 aJallés, Juan Manuel1 aSaravia, Aldo Rubén1 aGalli, Adriana Inés41uhttps://biblioeco.unsa.edu.ar/pmb/images/libros/Fallos de la corte de Justicia de Salta-l119563.jpgyImagen de portadaqimage/jpeg